[Event "Kowalewo Pomorskie op-B 17th"]
[Site "Kowalewo Pomorskie"]
[Date "2010.07.04"]
[Round "1"]
[White "Kotlowska, Anna"]
[Black "Rewasiewicz, Milosz"]
[Result "0-1"]
[WhiteElo "1619"]
[BlackElo "1855"]
[PlyCount "68"]
[EventDate "2010.07.04"]
[EventType "swiss"]
[EventRounds "9"]
[EventCountry "POL"]
[SourceTitle "EXT 2011"]
[Source "ChessBase"]
[SourceDate "2010.11.26"]
[SourceVersion "1"]
[SourceVersionDate "2010.11.26"]
[SourceQuality "1"]

1. e4 c6 2. Bc4 d5 3. exd5 cxd5 4. Bb5+ Nc6 5. Nf3 Nf6 6. Nc3 e6 7. d4 Bb4 8. Qd3 a6 9. Bxc6+ bxc6 10. Bg5 0-0 11. a3 Be7 12. 0-0 a5 13. Qd2 Rb8 14. b3 Ba6 15. Rfe1 c5 16. Bxf6 gxf6 17. Ne2 Kh8 18. Ng3 cxd4 19. Nxd4 Qc7 20. Qh6 Rg8 21. Nh5 Rg6 22. Qe3 Rbg8 23. g3 Rg5 24. Qf3 f5 25. Nf4 Qb6 26. Ndxe6 fxe6 27. Rxe6 Qa7 28. Nxd5 Bc5 29. Nf6 Bxf2+ 30. Kg2 Bb7 31. Nd5 Rxg3+ 32. hxg3 Rxg3+ 33. Qxg3 Bxg3 34. Kxg3 Bxd5 0-1

[Event "POL-ch U14 Girls"]
[Site "Sekocin Stary"]
[Date "2010.05.04"]
[Round "6"]
[White "Szeglowska, Karolina"]
[Black "Kotlowska, Anna"]
[Result "0-1"]
[WhiteElo "1511"]
[BlackElo "1651"]
[PlyCount "122"]
[EventDate "2010.05.01"]
[EventType "swiss"]
[EventRounds "10"]
[EventCountry "POL"]
[SourceTitle "EXT 2011"]
[Source "ChessBase"]
[SourceDate "2010.11.26"]
[SourceVersion "1"]
[SourceVersionDate "2010.11.26"]
[SourceQuality "1"]

1. c4 e5 2. Nc3 Nc6 3. Nf3 g6 4. g3 Bg7 5. Bg2 d6 6. 0-0 f5 7. e4 Nf6 8. d3 Be6 9. Bg5 Qd7 10. b3 h6 11. Bxf6 Bxf6 12. Re1 f4 13. Nd5 Be7 14. gxf4 exf4 15. Nxf4 g5 16. Nxe6 Qxe6 17. d4 Qf7 18. e5 0-0-0 19. exd6 Bxd6 20. d5 Bc5 21. Qe2 Rhe8 22. Bh3+ Kb8 23. Be6 Nd4 24. Nxd4 Bxd4 25. Qd2 Qf6 26. Rad1 Bc3 27. Qc2 Bxe1 28. Rxe1 h5 29. Re3 h4 30. c5 c6 31. b4 cxd5 32. Qe2 Rf8 33. a4 d4 34. Re4 d3 35. Qd2 Qa1+ 36. Kg2 h3+ 37. Bxh3 Qxa4 38. Re5 Qc6+ 39. Kg1 Qf3 40. Bg2 Qf4 41. Qxf4 gxf4 42. Bf3 d2 43. Bd1 Rfe8 44. Rxe8 Rxe8 45. Kg2 Re1 46. Bf3 d1Q 47. Bxd1 Rxd1 48. Kf3 Rd4 49. b5 a6 50. bxa6 bxa6 51. h4 a5 52. h5 a4 53. h6 Rd7 54. Kxf4 a3 55. c6 Rh7 56. Kg5 a2 57. Kg6 Rxh6+ 58. Kxh6 a1Q 59. f4 Qf6+ 60. Kh7 Qxf4 61. Kg6 Qc7 0-1

[Event "POL-ch U14 Girls"]
[Site "Sekocin Stary"]
[Date "2010.05.02"]
[Round "3"]
[White "Kotlowska, Anna"]
[Black "Lascar, Radoslawa"]
[Result "1-0"]
[WhiteElo "1651"]
[BlackElo "1517"]
[PlyCount "51"]
[EventDate "2010.05.01"]
[EventType "swiss"]
[EventRounds "10"]
[EventCountry "POL"]
[SourceTitle "EXT 2011"]
[Source "ChessBase"]
[SourceDate "2010.11.26"]
[SourceVersion "1"]
[SourceVersionDate "2010.11.26"]
[SourceQuality "1"]

1. e4 c5 2. Nc3 e6 3. f4 d5 4. Bb5+ Bd7 5. Bxd7+ Qxd7 6. d3 Nc6 7. Nf3 Be7 8. 0-0 d4 9. Ne2 Nf6 10. Qe1 Nb4 11. Qg3 Nxc2 12. Ne5 Qc7 13. Qxg7 Rf8 14. Rb1 Nb4 15. Ng3 Nxa2 16. Bd2 Qb6 17. f5 h5 18. Bg5 Ng8 19. Nc4 Qc6 20. f6 Bd6 21. e5 Bc7 22. Ne4 0-0-0 23. Ned6+ Bxd6 24. Nxd6+ Kb8 25. Nxf7 Rc8 26. Nd6 1-0

[Event "Ostroda op 6th"]
[Site "Ostroda"]
[Date "2009.08.13"]
[Round "9"]
[White "Kotlowska, Anna"]
[Black "Szymanowski, Mateusz"]
[Result "1/2-1/2"]
[WhiteElo "1645"]
[BlackElo "1600"]
[PlyCount "76"]
[EventDate "2009.08.07"]
[EventType "swiss"]
[EventRounds "9"]
[EventCountry "POL"]
[SourceTitle "EXT 2011"]
[Source "ChessBase"]
[SourceDate "2010.11.26"]
[SourceVersion "1"]
[SourceVersionDate "2010.11.26"]
[SourceQuality "1"]

1. e4 c5 2. Nc3 Nc6 3. Bc4 e6 4. d3 Nf6 5. f4 d5 6. Bb5 d4 7. Bxc6+ bxc6 8. Nce2 Be7 9. h3 Nh5 10. g3 Ba6 11. Nf3 Nf6 12. Bd2 0-0 13. 0-0 Qb6 14. Rb1 Rfd8 15. b3 h6 16. g4 Qb5 17. Rf2 Rab8 18. g5 hxg5 19. fxg5 Nd7 20. g6 f6 21. h4 Nf8 22. a4 Qb7 23. h5 c4 24. h6 cxd3 25. Nf4 dxc2 26. Qxc2 d3 27. Qc1 Qb6 28. Kf1 Bd6 29. Nh4 Qc7 30. Nh5 Bg3 31. Rxf6 Bxh4 32. Rf7 Qh2 33. Qc5 Qe2+ 34. Kg1 Qg4+ 35. Kf1 Qe2+ 36. Kg1 Qxd2 37. Qxf8+ Rxf8 38. Rxg7+ Kh8 1/2-1/2

[Event "Ostroda op 6th"]
[Site "Ostroda"]
[Date "2009.08.07"]
[Round "1"]
[White "Glatty, Zbigniew"]
[Black "Kotlowska, Anna"]
[Result "1-0"]
[WhiteElo "1924"]
[BlackElo "1645"]
[PlyCount "61"]
[EventDate "2009.08.07"]
[EventType "swiss"]
[EventRounds "9"]
[EventCountry "POL"]
[SourceTitle "EXT 2011"]
[Source "ChessBase"]
[SourceDate "2010.11.26"]
[SourceVersion "1"]
[SourceVersionDate "2010.11.26"]
[SourceQuality "1"]

1. e4 e5 2. Nf3 Nc6 3. Bb5 Bc5 4. d3 d6 5. h3 Nf6 6. c3 a6 7. Ba4 b5 8. Bc2 0-0 9. Bg5 Bb7 10. Nbd2 Re8 11. Nf1 Qe7 12. Ne3 Nd8 13. Nh4 c6 14. Ng4 d5 15. Qf3 Ne6 16. Bxf6 gxf6 17. Nxf6+ Kh8 18. Nxe8 Rxe8 19. Nf5 Qg5 20. h4 Qg6 21. 0-0-0 d4 22. cxd4 Nxd4 23. Nxd4 Bxd4 24. Bb3 Re7 25. g4 a5 26. Kb1 a4 27. h5 Qd6 28. Bxf7 Rxf7 29. Qxf7 Qb4 30. b3 Bc8 31. h6 1-0